Combattants de Super Smash Bros #5 : Yoshi - Statistiques

Statistiques générales
  • Ce quiz a été pris 45 fois
  • Le résultat moyen est 8 sur 15
Statistiques - réponses
Question Réponse % Correct
Qu'est-ce que Yoshi peut étirer pour tuer ses ennemis ? Langue
100%
Qui est le/la coéquipier(e) de Yoshi dans de nombreux jeux comme Mario Kart ou Mario Sports ? Birdo
90%
Quel sorcier est en réalité le principal antagoniste de la série Yoshi ? Kamek
85%
Quel est le seul vêtement porté par Yoshi ? Bottes
83%
Quel objet lui sert de projectile dans de nombreux jeux ? Œuf
83%
Quel type de personnage est Yoshi dans Mario et Sonic aux Jeux Olympiques ? Vitesse
60%
Dans quel jeu est apparu Yoshi pour la première fois ? Super Mario World
58%
Quel ennemi de Super Mario Bros. 2 est devenu l'ennemi de base des jeux Yoshi (comme les Goomba le sont pour Mario) ? Maskass
45%
Quel couleur en costume alternatif a été retiré dans Smash Ultimate, pour être remplacé par Yoshi carton ? Noir
43%
Yoshi est-il le nom du personnage ou de l'espèce ? Les deux
35%
Quel chien accompagne Yoshi dans certaines de ses aventures ? Poochy
28%
Dans quel jeu Yoshi a-t-il un style "carton" ? Yoshi's Crafted World
25%
Dans quel jeu de la série l'île des Yoshis est-elle transformée en livre par bébé Bowser ? Yoshi's Story
25%
En un mot, que donne Yoshi à Mario à la fin de Super Mario 64 ? Vies
20%
Dans quel jeu cette île apparaît-elle pour la dernière fois ? Yoshi's Island DS
5%
Aucun quiz correspondant
Distribution des résultats
% des personnes avec chaque résultat
Percentile par nombre de réponses
Votre historique - résultats
Vous n’avez pas pris ce quiz